01614nam a2200229Ia 4500952009600000952010100096952010100197999001700298008004100315020001800356050002000374245007800394250001800472260003200490300003300522500006200555505070300617519000901320650001701329650002601346942001201372 00104070a07b07d2010-05-29l0oBF139 S67 1990p07 000991r2012-06-26t1w2012-06-26yLB 00102lcc4070a01b01d2022-09-23l0oBF139 S67 1990p16 001969r2023-07-12t1w2022-09-23yLB 00102lcc4070a01b01d2022-09-23l0oBF139 S67 1990p16 001970r2023-07-12t2w2022-09-23yLB c66801d66801120626s9999 xx 000 0 und d a968-412-354-X04aBF139bS67 199010aPsicologíab: de acuerdo con los programas oficialescTeodoro D. Soria. a23a edición aMéxicob: Esfingec, 1990 a303 paginasb: ilustraciones aIncluye : Prólogo (pp. 7-8), Introducción (pp. 9-13) aI. Concepto de la psicología II. Los métodos psicológicos III. La conciencia IV. La atención V. Clasificación de los hechos psiquicos VI. Los hechos del conocimiento de la sensación VII. Las sensaciones externas VIII. La percepción de lo sensible IX. La imagen X. La percepción anormal XI. Las imagenes XII. El recuerdo XIII. La imaginación XIV. El pensar XV. Las formas de pensar XVI. El juzgar XVII. El pensar productivo XVIII. La vida afectiva XIX. Emociones y pasiones XX. Las tendencias XXI. El instinto XXII. El hábito XXIII. Quere y libertad XXIV. El yo XXV. Persona, carácter y personalidad XXVI. Estados psíquicos  a d 17aPSICOLOGÍA17aESTUDIO Y ENSEÑANZA cLB2lcc